| 000 | 01187nam a22003014a 4500 | ||
|---|---|---|---|
| 005 | 20090723104954.0 | ||
| 008 | 080520s2008 ii b 001 0 eng | ||
| 010 | _aENG-94515 | ||
| 020 |
_a9788125035831 _c295.00 |
||
| 020 |
_a8125035834 _c295.00 |
||
| 035 | _aEN-78048 | ||
| 037 | _bDBAD / PUB | ||
| 040 |
_adpl _bEnglish |
||
| 082 | _a954.0841 | ||
| 100 | _aRamagundam, Rahul | ||
| 245 |
_aGandhi's khadi : _ba history of contention and conciliation / _cby Rahul Ramagundam |
||
| 260 |
_aNew Delhi _bOrient Longman _c2008 |
||
| 270 |
_a1/24, Asaf Ali Road, _bNew Delhi _e110002 |
||
| 300 |
_axiii, 298 p. ; _c22cm(pbk) |
||
| 500 | _aIncludes bibliographical references and index | ||
| 650 |
_aSwadeshi movement _xHistory. |
||
| 650 |
_aKhadi _xPolitical aspects _xHistory. |
||
| 650 |
_aKhadi _xEconomic aspects _xHistory. |
||
| 650 |
_aNationalism _zIndia _xHistory _y20th century. |
||
| 651 |
_aIndia _xPolitics and government _y1919-1947. |
||
| 942 |
_2ddc _cEN _mRAM _h954.0841 |
||
| 999 |
_c28563 _d28563 |
||